Squadra della stagione della UEFA Europa League - 2014-2015 - Statistics

Statistiche generali
  • Questo quiz è stato fatto 2 volte
  • Il punteggio medio è 11 su 18
Statistiche sulle risposte
Ruolo Nazione Squadra Calciatore % Corretto
Centrocampista Spagna Fiorentina Borja Valero
100%
Attaccante Colombia Siviglia Carlos Bacca
100%
Centrocampista Argentina Siviglia Éver Banega
100%
Difensore Algeria Napoli Faouzi Ghoulam
100%
Attaccante Argentina Napoli Gonzalo Higuaín
100%
Centrocampista Belgio Wolfsburg Kevin De Bruyne
100%
Centrocampista Slovacchia Napoli Marek Hamšík
100%
Difensore Spagna Napoli Raúl Albiol
100%
Attaccante Brasile Salisburgo Alan
50%
Difensore Brasile Dnipro Douglas
50%
Centrocampista Polonia Siviglia Grzegorz Krychowiak
50%
Attaccante 'Ucraina Bandiera dell Dnipro Jevhen Konopljanka
50%
Portiere Spagna Siviglia Sergio Rico
50%
Centrocampista Camerun Siviglia Stéphane M'Bia
50%
Difensore Spagna Siviglia Aleix Vidal
0%
Portiere Ucraina Dnipro Denys Bojko
0%
Centrocampista Ucraina Dnipro Ruslan Rotan'
0%
Difensore Francia Siviglia Timothée Kolodziejczak
0%
Nessun quiz corrispondente trovato
Distribuzione punteggi
Percentuale di utenti per punteggio
Percentile per numero di risposta
I tuoi punteggi nel tempo
Non hai fatto questo quiz